Textbook of Ethics in Pediatric Research : (Record no. 591101)

MARC details
000 -LEADER
fixed length control field 00488nam a2200193 a 4500
008 - FIXED-LENGTH DATA ELEMENTS--GENERAL INFORMATION
fixed length control field 251005s1993##################000#0#eng##
020 ## - INTERNATIONAL STANDARD BOOK NUMBER
ISBN 9780894645594
082 04 - DEWEY DECIMAL CLASSIFICATION NUMBER
Classification number 174.2
Item number KOR
100 1# - MAIN ENTRY--AUTHOR NAME
Personal name Koren, Gideon,
245 10 - TITLE STATEMENT
Title Textbook of Ethics in Pediatric Research :
260 ## - PUBLICATION, DISTRIBUTION, ETC. (IMPRINT)
Year of publication 1993.
300 ## - PHYSICAL DESCRIPTION
Number of Pages 360 pages
650 #0 - SUBJECT ADDED ENTRY--TOPICAL TERM
Topical Term Medical.
942 ## - ADDED ENTRY ELEMENTS (KOHA)
Koha item type English Books
Holdings
Withdrawn status Lost status Damaged status Not for loan Home library Current library Shelving location Date acquired Full call number Accession Number Price effective from Koha item type
        Anna Centenary Library Anna Centenary Library 3RD FLOOR, A WING 07.10.2025 174.2 KOR 439637 07.10.2025 English Books

Find us on the map